00806cam a22002774a 45000010009000000050017000090080041000260100017000670160020000840200028001040200035001320200018001670350023001850350020002080400054002280410008002820420008002900600015002980600023003130800015003360820019003511000006003701010008003762450080003845040064004641432747320180201085541.0060331s2006 dcua b 001 0 eng  a 20060109687 a1012731062DNLM a1585622230 (alk. paper) a1585622729 (pbk. : alk. paper) a9781585622238 a(OCoLC)ocm65617533 a(OCoLC)65617533 aDNLM/DLCcDLCdNLMdBAKERdC#PdYDXCPdOCLCQdDLC aeng apcc00a2006 J-48510aWM 100bA557i 2006 a616.89 AND00a616.89 AND2221 a3 aSHM10aIntroductory textbook of psychiatry /cNancy C. Andreasen, Donald W. Black. aIncludes bibliographical references (p. 523-555) and index.